000
00288nam a22001217a 4500
040
_c
SY
082
_a
181
100
_a
នុត សាឡន
245
_a
វិធីសាស្រ្តស្រាវជ្រាវ
260
_a
RUA
_b
នុត
_c
2011
300
_a
47p.
942
_c
KB
999
_c
9978
_d
9978